Regulatory reform reconsidered / (Record no. 2102)

000 -LEADER
fixed length control field nam a22 a 4500
003 - CONTROL NUMBER IDENTIFIER
control field AKMAL
005 - DATE AND TIME OF LATEST TRANSACTION
control field 20170515113407.0
008 - FIXED-LENGTH DATA ELEMENTS--GENERAL INFORMATION
fixed length control field 170515s1985 -us 00 eng d
020 ## - INTERNATIONAL STANDARD BOOK NUMBER
International Standard Book Number 0813371430 (pbk)
040 ## - CATALOGING SOURCE
Original cataloging agency AKMAL
Transcribing agency AKMAL
082 04 - DEWEY DECIMAL CLASSIFICATION NUMBER
Classification number 353.0082 DAN
090 ## - LOCALLY ASSIGNED LC-TYPE CALL NUMBER (OCLC); LOCAL CALL NUMBER (RLIN)
Classification number (OCLC) (R) ; Classification number, CALL (RLIN) (NR) 353.0082
Local cutter number (OCLC) ; Book number/undivided call number, CALL (RLIN) DAN
245 ## - TITLE STATEMENT
Title Regulatory reform reconsidered /
Statement of responsibility, etc. edited by Gregory A. Daneke and David J. Lemak
260 ## - PUBLICATION, DISTRIBUTION, ETC.
Place of publication, distribution, etc. Boulder, Colo. :
Name of publisher, distributor, etc. Westview Press,
Date of publication, distribution, etc. 1985
300 ## - PHYSICAL DESCRIPTION
Extent xi, 153p. ;
Dimensions 23cm
440 ## - SERIES STATEMENT/ADDED ENTRY--TITLE
Title Westview special studies in public policy and public systems management
9 (RLIN) 4343
504 ## - BIBLIOGRAPHY, ETC. NOTE
Bibliography, etc. note Includes bibliographies
650 ## - SUBJECT ADDED ENTRY--TOPICAL TERM
Topical term or geographic name entry element Trade regulation
Geographic subdivision United States
9 (RLIN) 4344
700 1# - ADDED ENTRY--PERSONAL NAME
Personal name Daneke, Gregory A.
9 (RLIN) 4345
700 1# - ADDED ENTRY--PERSONAL NAME
Personal name Lemak, David J.
9 (RLIN) 4346
942 ## - ADDED ENTRY ELEMENTS (KOHA)
Source of classification or shelving scheme
Koha item type Book
Holdings
Withdrawn status Lost status Source of classification or shelving scheme Damaged status Not for loan Collection code Home library Current library Shelving location Date acquired Inventory number Total Checkouts Full call number Barcode Date last seen Price effective from Koha item type
          NON-FICTION AKMAL Melaka AKMAL Melaka PINJAMAN 15.05.2017 301962   353.0082 DAN 201706084 15.05.2017 15.05.2017 Book
Pusat Sumber Maklumat Dato' Haji Sarmin Md Hussin, Akademi Kastam Diraja Malaysia, Melaka
Tel: 06-2331106 | Faks: 06-2313787